[Event "73rd RUS-ch Higher League 2020"]
[Site "Sochi"]
[Date "2020.10.10"]
[Round "3.1"]
[White "Antipov, Mikhail Al."]
[Black "Rakhmanov, Aleksandr"]
[Result "1/2-1/2"]
[WhiteElo "2591"]
[BlackElo "2646"]
[Annotator "TA"]
[PlyCount "82"]
[EventDate "2020.10.08"]
[EventType "swiss"]
[EventCountry "RUS"]
[SourceTitle "playchess.com"]
[Source "ChessBase"]
[SourceQuality "1"]

{[%evp 10,82,29,39,51,40,60,17,25,24,27,24,16,27,27,19,25,16,16,16,16,16,22,14,14,14,20,23,18,27,21,17,15,14,33,12,31,33,21,18,37,42,43,39,116,108,163,160,163,68,68,68,69,68,68,68,68,68,68,68,68,68,83,87,95,79,95,68,68,38,68,68,68,68,97]} 1. e4 e5 2. Nf3 Nf6 3. Nxe5 d6 4. Nf3 Nxe4 5. d4 d5 6. Bd3 Bf5 {C42: Petroff Defence: 3 Nxe5 and unusual White 3rd moves.} 7. O-O Be7 8. Ne5 Nd7 {The position is equal.} 9. Nc3 Nxe5 10. dxe5 Nxc3 11. bxc3 Qd7 12. Bxf5 Qxf5 13. Qxd5 {next Qb5+ is good for White.} O-O 14. Qxb7 Qxe5 15. Qc6 Bc5 16. Bf4 Qxc3 17. Be3 Bd4 18. Qxc3 Bxc3 19. Rab1 {[#]} Ba5 $146 ({Predecessor:} 19... a6 20. Rb7 Be5 21. g3 Rfd8 22. f4 Bd4 23. Bxd4 Rxd4 24. Rxc7 Ra4 25. Rb1 Rxa2 26. Rbb7 Rd8 27. Kf2 g6 28. Ke3 Rf8 29. Ra7 h5 30. Kf3 a5 31. f5 gxf5 {½-½ (30) Xu,Y (2526)-Lin,Y (2396) Xingtai 2019}) 20. Rb7 Rfb8 21. Rfb1 $36 {[%mdl 2048] White fights for an advantage.} Bb6 22. Rxb8+ Rxb8 $14 {[%mdl 4096] Endgame KRB-KRB} 23. c4 {Black must now prevent c5.} c6 24. g3 f6 25. a4 Bc7 26. Rd1 Bb6 {[#]} (26... a5 $1 $14) 27. c5 $1 $16 {[%cal Rc5b6]} Rd8 {[#]} (27... Bc7 $16 {keeps fighting.}) 28. Rb1 $1 $18 Ba5 29. Bf4 (29. Rb7 $18) 29... Bc3 $14 30. Rb7 a5 31. Rc7 Be5 32. Bxe5 fxe5 33. Rxc6 {KR-KR} Rd4 34. Ra6 Rxa4 35. Ra7 {c6 is the strong threat.} Rc4 36. Rxa5 Rc1+ 37. Kg2 e4 38. g4 g5 {White is slightly better.} 39. Ra4 Rxc5 40. Rxe4 Kf7 41. Kg3 Rc6 {Accuracy: White = 83%, Black = 85%.} 1/2-1/2

[Event "73rd RUS-ch Higher League 2020"]
[Site "Sochi"]
[Date "2020.10.10"]
[Round "3.2"]
[White "Goganov, Aleksey"]
[Black "Chigaev, Maksim"]
[Result "1/2-1/2"]
[WhiteElo "2573"]
[BlackElo "2598"]
[Annotator "RC"]
[PlyCount "118"]
[EventDate "2020.10.08"]
[EventType "swiss"]
[EventCountry "RUS"]
[SourceTitle "playchess.com"]
[Source "ChessBase"]
[SourceQuality "1"]
[TimeControl "40/5400+30:1800+30"]

1. e4 {[%emt 0:00:00]} c5 {[%emt 0:00:00]} 2. Nf3 {[%emt 0:00:00]} d6 {[%emt 0:00:00]} 3. Bb5+ {[%emt 0:00:10]} Nd7 {[%emt 0:00:00]} 4. d4 {[%emt 0:01:19]} cxd4 {[%emt 0:00:46]} 5. Qxd4 {[%emt 0:00:06]} a6 {[%emt 0:00:50]} 6. Bxd7+ {[%emt 0:01:32]} Bxd7 {[%emt 0:00:09]} 7. O-O {[%emt 0:01:02]} Nf6 {[%emt 0:01:10]} 8. Nc3 {[%emt 0:01:36]} e6 {[%emt 0:02:47]} 9. Qd3 {[%emt 0:11:10]} Bc6 {[%emt 0:07:06]} 10. Nd4 {[%emt 0:01:54]} Be7 {[%emt 0:03:07]} 11. Bf4 {[%emt 0:03:33]} Rc8 {[%emt 0:02:53]} 12. Rfd1 {[%emt 0:05:15]} O-O {[%emt 0:02:07]} 13. a4 {[%emt 0:04:23]} Qa5 {[%emt 0:05:22]} 14. Nb3 {[%emt 0:10:05]} Qh5 {[%emt 0:01:50]} 15. Nd4 {[%emt 0:02:01]} h6 {[%emt 0:19:41]} 16. a5 {[%emt 0:05:55]} Qg6 {[%emt 0:02:13]} 17. Nxc6 {[%emt 0:02:40]} Rxc6 {[%emt 0:00:26]} 18. Ra4 {[%emt 0:01:24]} Rfc8 {[%emt 0:02:53]} 19. e5 {[%emt 0:07:24]} Qxd3 {[%emt 0:00:24]} 20. Rxd3 {[%emt 0:00:02]} Nh5 {[%emt 0:02:37]} 21. exd6 {[%emt 0:05:43]} Nxf4 {[%emt 0:00:57]} 22. Rxf4 {[%emt 0:00:24]} Bxd6 {[%emt 0:07:22]} 23. Rfd4 {[%emt 0:00:05]} Bc7 {[%emt 0:00:18]} 24. Rd7 {[%emt 0:00:26]} Bxa5 {[%emt 0:00:36]} 25. Rxb7 {[%emt 0:00:09]} Bxc3 {[%emt 0:02:45]} 26. bxc3 {[%emt 0:00:04]} Rxc3 {[%emt 0:00:16]} 27. Rdd7 {[%emt 0:00:04]} Rxc2 {[%emt 0:00:13]} 28. g3 {[%emt 0:00:04]} Rf8 {[%emt 0:00:09]} 29. Rb6 {[%emt 0:01:14]} a5 {[%emt 0:02:37]} 30. Ra6 {[%emt 0:00:35]} Rc5 {[%emt 0:01:14]} 31. Rda7 {[%emt 0:00:06]} Rd8 {[%emt 0:00:31]} 32. Rxa5 {[%emt 0:00:07]} Rd1+ {[%emt 0:01:19]} 33. Kg2 {[%emt 0:00:03]} Rxa5 {[%emt 0:00:44]} 34. Rxa5 {[%emt 0:00:04]} f5 {[%emt 0:00:27]} 35. Ra7 {[%emt 0:00:32]} Kh7 {[%emt 0:00:13]} 36. h3 {[%emt 0:00:45]} Kg6 {[%emt 0:00:07]} 37. h4 {[%emt 0:02:00]} Kf6 {[%emt 0:00:20]} 38. Rb7 {[%emt 0:00:14]} Rd2 {[%emt 0:04:26]} 39. Ra7 {[%emt 0:00:22]} g5 {[%emt 0:00:18]} 40. hxg5+ {[%emt 0:00:00]} hxg5 {[%emt 0:00:00]} 41. Rb7 {[%emt 0:00:45]} Ra2 {[%emt 0:01:28]} 42. Rb5 {[%emt 0:03:04]} Ra6 {[%emt 0:01:15]} 43. Rb7 {[%emt 0:00:09]} Rd6 {[%emt 0:00:19]} 44. Rb5 {[%emt 0:00:08]} e5 {[%emt 0:00:10]} 45. Ra5 {[%emt 0:00:28]} e4 {[%emt 0:00:19]} 46. Ra8 {[%emt 0:00:44]} Rd2 {[%emt 0:02:11]} 47. Kf1 {[%emt 0:00:58]} Kg6 {[%emt 0:00:45]} 48. Ra5 {[%emt 0:01:23]} Rd3 {[%emt 0:02:00]} 49. Kg2 {[%emt 0:01:03]} Rf3 {[%emt 0:00:39]} 50. Ra6+ {[%emt 0:06:00]} Kh5 {[%emt 0:00:15]} 51. Ra5 {[%emt 0:00:33]} Kg4 {[%emt 0:00:07]} 52. Re5 {[%emt 0:00:05]} Ra3 {[%emt 0:00:39]} 53. Re8 {[%emt 0:00:09]} Ra2 {[%emt 0:00:17]} 54. Re5 {[%emt 0:00:36]} Rb2 {[%emt 0:00:40]} 55. Re8 {[%emt 0:00:08]} Re2 {[%emt 0:00:19]} 56. Re5 {[%emt 0:00:11]} f4 {[%emt 0:01:56]} 57. gxf4 {[%emt 0:00:10]} gxf4 {[%emt 0:00:04]} 58. Rxe4 {[%emt 0:00:06]} Rxe4 {[%emt 0:00:05]} 59. f3+ {[%emt 0:00:02]} Kf5 {[%emt 0:00:08]} 1/2-1/2

[Event "73rd RUS-ch Higher League 2020"]
[Site "Sochi"]
[Date "2020.10.10"]
[Round "3.3"]
[White "Artemiev, Vladislav"]
[Black "Goryachkina, Aleksandra"]
[Result "1/2-1/2"]
[WhiteElo "2716"]
[BlackElo "2582"]
[Annotator "TA"]
[PlyCount "83"]
[EventDate "2020.10.08"]
[EventType "swiss"]
[EventCountry "RUS"]
[SourceTitle "playchess.com"]
[Source "ChessBase"]
[SourceQuality "1"]

{[%evp 9,83,7,18,18,19,28,14,11,25,32,30,18,30,29,22,26,33,31,35,25,35,25,25,18,20,17,13,6,8,3,4,3,6,7,16,8,2,3,3,5,17,10,10,0,12,0,0,0,0,0,0,0,16,17,55,0,0,0,0,0,0,0,0,0,0,0,0,0,0,0,0,0,0,0,0,0]} 1. c4 c6 2. Nf3 d5 3. e3 Nf6 4. Qc2 e6 5. d4 Nbd7 6. b3 {D30: Queen's Gambit Declined: Systems without Nc3.} Bd6 7. Bb2 Qe7 8. Nbd2 h6 9. Ne5 O-O 10. Bd3 Ba3 11. Bxa3 Qxa3 12. f4 c5 13. O-O {[#]} cxd4 $146 ({Predecessor:} 13... b6 14. Nb1 Qa5 15. Nc6 Qa6 16. cxd5 b5 17. dxe6 fxe6 18. Ne7+ Kf7 19. Ng6 Rd8 20. dxc5 Nxc5 21. Qxc5 Rxd3 22. Ne5+ {1-0 (22) Manigk,S (2214)-Gasik,A (2160) Pardubice 2015}) 14. exd4 b6 15. cxd5 {[#] Black must now prevent Ndc4.} Nxe5 16. fxe5 Nxd5 17. Nc4 Qe7 $1 18. Nd6 Nb4 19. Qd2 Nxd3 20. Qxd3 Bb7 $1 21. Qg3 {Threatening Rf6.} f5 22. exf6 Rxf6 23. Rxf6 Qxf6 24. Qe5 Bd5 25. Qxf6 gxf6 $11 {[%mdl 4096] Endgame KRB-KRN} 26. Rc1 Kg7 27. Rc8 a5 28. Rxa8 Bxa8 {KB-KN} 29. Kf2 Bd5 30. g4 Kf8 31. Ke3 Bc6 32. a4 (32. Nc4 $14) 32... Bd5 {The position is equal.} 33. Nc4 Ke7 34. Kd3 Kd8 $1 35. Nxb6 Bxb3 36. Nc4 Bxa4 {[#] Strongly threatening ...Bb5.} 37. Nxa5 Bd1 38. h3 h5 39. gxh5 Bxh5 40. Nb7+ Ke7 41. Ke3 e5 42. dxe5 {Accuracy: White = 97%, Black = 96%.} 1/2-1/2

[Event "73rd RUS-ch Higher League 2020"]
[Site "Sochi"]
[Date "2020.10.10"]
[Round "3.4"]
[White "Khismatullin, Denis"]
[Black "Esipenko, Andrey"]
[Result "1/2-1/2"]
[WhiteElo "2604"]
[BlackElo "2682"]
[Annotator "TA"]
[PlyCount "84"]
[EventDate "2020.10.08"]
[EventType "swiss"]
[EventCountry "RUS"]
[SourceTitle "playchess.com"]
[Source "ChessBase"]
[SourceQuality "1"]

{[%evp 13,84,0,0,0,0,0,15,0,0,0,0,0,12,0,0,11,37,37,28,37,65,0,0,0,81,81,90,74,95,78,93,35,104,107,99,108,126,107,110,93,123,91,94,81,174,160,173,180,178,105,126,124,206,206,189,176,205,196,170,73,154,150,138,0,0,0,0,0,0,0,0,0,0]} 1. d4 Nf6 2. c4 e6 3. Nc3 Bb4 4. Qc2 O-O 5. e4 d5 6. e5 Ne4 7. Bd3 c5 $1 {[%cal Rc5d4]} 8. Nf3 $1 {8.Nf3 scores better than 8.Nge2. E32: Nimzo-Indian: Classical (4 Qc2): 4...0-0.} cxd4 9. Nxd4 Nd7 10. Bf4 Qh4 11. g3 Qh5 12. O-O g5 13. cxd5 gxf4 14. dxe6 Nxc3 (14... Nxe5 {is interesting.} 15. Nxe4 fxe6 16. f3 fxg3 17. Nxg3 Qh6) 15. exd7 Bxd7 {aiming for ...Ba4.} 16. bxc3 fxg3 {[#]} 17. fxg3 $146 (17. Bxh7+ $1 $14 {[%mdl 512]} Kg7 (17... Qxh7 18. Qxh7+) 18. fxg3) ({Predecessor:} 17. hxg3 Rac8 18. Bf5 Bxc3 19. Qd1 Qxd1 20. Raxd1 Rc4 21. Bxd7 Rxd4 22. Rxd4 Bxd4 23. Rb1 {½-½ (23) Vitiugov,N (2747)-Caruana,F (2822) Wijk aan Zee 2020}) 17... Rac8 $1 $11 18. Bxh7+ Kg7 (18... Kh8 $1 $11 19. Qf2 Bxc3) 19. e6 $1 $16 {[%cal Re6d7]} fxe6 20. Rxf8 Bxf8 21. Be4 $1 Bc5 22. Kh1 (22. Kg2 $1 $16) 22... e5 (22... Bxd4 $1 $14 23. Qd3 {[%mdl 64] Pin} Qe5 24. cxd4 Qxe4+ {[%mdl 64] Remove Defender} 25. Qxe4 Bc6) 23. Nb3 Bb6 24. c4 $1 {[%cal Bc3c4,Bc4c5][%mdl 32]} (24. Bxb7 Bf5 $15) 24... Rh8 25. c5 $36 {[%mdl 2048] White is really pushing.} Bc7 26. Re1 Bg4 27. Qf2 Rf8 28. Qe3 Rh8 (28... Qh6 $16 29. Qxh6+ Kxh6) 29. h4 $18 b6 30. Nd2 Rf8 31. Kg2 (31. c6 $18) 31... bxc5 $16 32. Bf3 ({But not} 32. Qxc5 $6 Bb6 $11) 32... Rd8 (32... Bxf3+ $16 33. Nxf3 Qf5) 33. Bxg4 $18 Qxg4 34. Ne4 {Black must now prevent Rf1.} Rd4 {[#]} 35. Ng5 $1 {Strongly threatening Rf1.} Qd7 ({Don't go for} 35... Qf5 $2 36. Rf1 $18) 36. Qf3 (36. Nf3 $18 {has better winning chances.} Ra4 37. Qg5+ (37. Qxc5 $2 Rxa2+ 38. Qf2 Rxf2+ $19) 37... Kh8 38. Re2) 36... Rd2+ (36... Bd8 $142) 37. Kh1 $16 {Hoping for Rf1.} Bd8 {[#]} 38. Qh5 ({White should play} 38. Rf1 $1 $16 {And now Qf8+ would win.} Qd5 39. Ne4) 38... Bxg5 $11 {The position is equal.} 39. Qxg5+ {[%mdl 64] Double Attack} Kh7 40. Qh5+ Kg8 $1 41. Qg6+ Kh8 {( -> ...Qh3+)} 42. Qh6+ Kg8 {Accuracy: White = 77%, Black = 69%.} 1/2-1/2

[Event "73rd RUS-ch Higher League 2020"]
[Site "Sochi"]
[Date "2020.10.10"]
[Round "3.5"]
[White "Sakaev, Konstantin"]
[Black "Sjugirov, Sanan"]
[Result "1/2-1/2"]
[WhiteElo "2596"]
[BlackElo "2675"]
[Annotator "TA"]
[PlyCount "113"]
[EventDate "2020.10.08"]
[EventType "swiss"]
[EventCountry "RUS"]
[SourceTitle "playchess.com"]
[Source "ChessBase"]
[SourceQuality "1"]

{[%evp 12,113,21,27,16,12,23,22,17,-4,25,7,9,7,2,4,12,12,6,11,9,9,0,0,20,10,21,20,21,11,19,15,6,0,-5,-16,-2,-20,-16,-17,-6,-13,-12,-20,-9,-19,-10,-14,0,0,0,0,0,0,0,0,0,0,0,0,0,0,0,0,0,0,43,41,120,110,754,237,222,216,226,204,234,234,235,220,208,119,139,41,41,41,41,41,41,41,41,41,41,41,41,41,41,41,41,0,0,0,0,0]} 1. d4 Nf6 2. c4 e6 3. Nf3 b6 4. a3 Bb7 5. Nc3 Ne4 6. Nxe4 Bxe4 7. Bf4 d6 {E12: Queen's Indian: Unusual White 4th moves, 4 a3, 4 Nc3 Bb7 5 a3 and 4 Nc3 Bb7 .} 8. e3 Nd7 9. Bd3 Bb7 10. e4 Be7 (10... e5 $5 {[%cal Re5f4]} 11. Be3 (11. dxe5 dxe5 12. Bg3 Bd6 $11) 11... exd4 12. Nxd4 (12. Bxd4 Be7 $11) 12... g6 $11) 11. O-O {[#]} e5 $146 ({Predecessor:} 11... O-O 12. b4 c5 13. d5 Qc7 14. dxe6 fxe6 15. Qd2 Ne5 16. Bxe5 dxe5 17. b5 Rf4 {0-1 (51) Talu,M (2288)-David,A (2424) Mamaia 2019}) 12. Be3 exd4 13. Nxd4 O-O 14. f3 a5 15. b3 Bg5 16. Qd2 Bxe3+ 17. Qxe3 Re8 18. Qd2 Ne5 19. Be2 Qf6 20. Rac1 Ng6 21. g3 Nf8 22. Qc3 Ne6 23. Nxe6 Qxe6 24. Bd3 Qh6 25. Rf2 Re5 26. Rcf1 Rae8 27. Qd2 Qh5 28. Be2 R5e7 29. Bd3 Qc5 30. b4 axb4 31. axb4 Qd4 32. Rc1 {[#]} f5 $1 {[%cal Rf5e4][%mdl 512]} 33. exf5 Re3 34. Bf1 Qe5 35. c5 Bxf3 {[%cal Rb6c5]} 36. cxd6 cxd6 37. Rc4 {[%cal Bc1c4,Bc4f4,Bf4f6,Bf6d6][%mdl 32]} Bb7 38. Rcf4 Re1 39. f6 $36 {[%mdl 2048] [#] aiming for f7+. White fights for an advantage.} gxf6 (39... Rf8 $1 $14) 40. Rxf6 $16 ({Of course not} 40. Rg4+ $6 Kh8 $11) 40... Re3 $2 {[%mdl 8192]} (40... Kh8 $16) 41. Qxd6 $2 (41. R2f5 Qe7 42. Qa2+ Kh8 43. Rf7) 41... Qxd6 $18 42. Rxd6 Re1 43. Rxb6 Bd5 44. Rd6 R8e5 45. Rd7 Rb1 46. Rf4 (46. Rc2 $18 {Rc8+ would kill now.} Bf7 47. Kg2) 46... Bc6 $16 47. Rc7 ({Better is} 47. Rg4+ $16 Kf8 48. Rf4+ (48. Rxh7 Rf5 $11) 48... Kg8 49. Rd2) 47... Bb5 $14 48. Kg2 {Black must now prevent Bxb5.} Rb2+ 49. Kh3 Bxf1+ 50. Rxf1 {And now Rd1 would win.} Rxb4 {[%mdl 4096] Endgame KRR-KRR} 51. Rd1 {White threatens Rd8+ and mate.} Rh5+ 52. Kg2 {[%cal Rd1d8]} Rb2+ 53. Kg1 {[%cal Rd1d8]} Rb8 54. Rdd7 Rh6 55. Kg2 Rb2+ 56. Kf3 {[%cal Rd7d8]} Rf6+ 57. Kg4 {Black escapes into a draw. Accuracy: White = 82%, Black = 85%.} 1/2-1/2

[Event "73rd RUS-ch Higher League 2020"]
[Site "Sochi"]
[Date "2020.10.10"]
[Round "3.6"]
[White "Fedoseev, Vladimir"]
[Black "Rozum, Ivan"]
[Result "1-0"]
[WhiteElo "2674"]
[BlackElo "2566"]
[Annotator "TA"]
[PlyCount "107"]
[EventDate "2020.10.08"]
[EventType "swiss"]
[EventCountry "RUS"]
[SourceTitle "playchess.com"]
[Source "ChessBase"]
[SourceQuality "1"]

{[%evp 9,107,16,32,29,35,28,22,31,11,0,14,8,20,9,49,41,85,66,121,102,110,110,110,118,111,118,119,112,116,116,116,108,111,117,116,114,116,108,120,112,119,114,120,116,112,114,112,114,117,104,99,101,176,175,152,108,108,107,107,107,107,107,107,107,107,67,67,67,67,67,67,70,70,74,1053,1038,1038,824,1352,1201,1085,1031,29970,29971,29972,29973,29972,29973,29972,29974,29977,29978,29978,29979,29980,29981,29981,29982,29980,29982]} 1. e4 c6 2. d4 d5 3. f3 dxe4 4. fxe4 e5 5. Nf3 Bg4 6. c3 {B12: Caro-Kann: Advance Variation.} Nd7 7. Bc4 Bh5 8. O-O {The position is equal.} Ngf6 9. Qe1 Bd6 10. Bg5 Qc7 11. Nbd2 Bg6 {[#]} 12. Bd3 $146 ({Predecessor:} 12. Bb3 O-O-O 13. Nc4 Rde8 14. Nxd6+ Qxd6 15. dxe5 Nxe5 16. Nxe5 Qxe5 17. Bxf6 gxf6 18. Qf2 Bxe4 19. Bxf7 {½-½ (30) Zeier,K (2195)-Ruefenacht,M (2360) Baden 2018}) 12... b5 13. a4 $36 {[%mdl 2048] White has good play.} Rb8 ({Black should play} 13... O-O $14) 14. axb5 $16 cxb5 15. c4 bxc4 16. Nxc4 O-O {[#]} 17. Rc1 $1 Bb4 18. Ncxe5 {[%mdl 64] Discovered Attack} Bxe1 19. Rxc7 Nxe5 20. Nxe5 ({But not} 20. Nxe1 $6 Nxd3 21. Nxd3 Nxe4 $11) 20... Ba5 21. Rxa7 Bb6 22. Ra4 Bxe4 23. Bxf6 gxf6 24. Rxf6 ({Reject} 24. Bxe4 $6 fxe5 25. Kh1 Bxd4 $11) 24... Bxd3 25. Nxd3 Rfd8 26. Rf4 Rxd4 27. Raxd4 Rd8 {[%mdl 64] Pin} 28. Kf1 Bxd4 {[%mdl 4096] Endgame KRB-KRN} 29. Rg4+ Kf8 30. b4 Bg1 (30... h5 $16 {is a better defense.} 31. Re4 Bf6) 31. Kxg1 $18 Rxd3 {KR-KR} 32. Rg5 Rb3 33. b5 Rb2 34. Rh5 Kg7 35. g4 Kg6 36. h3 h6 37. Kf1 Rh2 $1 38. Ke1 {And now Kd1 would win.} f5 $1 39. Rxf5 {aiming for Rh5.} Rxh3 40. Kd2 {Kc2 is the strong threat.} Rg3 $1 41. Rf8 $1 Kg7 $2 {[%mdl 8192] Now Black is done in.} (41... Rg2+ $16 42. Kd3 Rg3+ 43. Kc4 Rxg4+ 44. Kc5 Kh5) 42. Rf4 Rb3 43. Rf5 Kg6 44. Rc5 Rb4 45. Kc3 Rxg4 46. b6 {White mates.} Rg1 47. Kc4 Rb1 48. Rb5 Rc1+ {[#]} 49. Kd5 $1 Rc8 50. b7 Rb8 51. Kc6 h5 52. Kc7 Rh8 53. b8=Q Rxb8 54. Kxb8 {Accuracy: White = 95%, Black = 75%.} ({And not} 54. Rxb8 Kf5 $11) 1-0

[Event "73rd RUS-ch Higher League 2020"]
[Site "Sochi"]
[Date "2020.10.10"]
[Round "3.7"]
[White "Ponkratov, Pavel"]
[Black "Samusenko, Maksim"]
[Result "1-0"]
[WhiteElo "2628"]
[BlackElo "2459"]
[Annotator "TA"]
[PlyCount "89"]
[EventDate "2020.10.08"]
[EventType "swiss"]
[EventCountry "RUS"]
[SourceTitle "playchess.com"]
[Source "ChessBase"]
[SourceQuality "1"]

{[%evp 20,89,33,29,30,40,21,0,57,56,30,38,33,28,40,16,24,29,82,74,76,66,52,87,87,87,68,79,64,66,50,59,60,57,68,84,71,63,139,135,129,129,137,133,131,127,131,120,146,98,146,131,131,109,274,272,281,266,373,361,12825,12825,4710,4312,12836,12837,12837,12835,12833,12833,1989,1258]} 1. e4 c5 2. Nf3 Nc6 3. Nc3 e5 4. Bc4 Be7 5. d3 Nf6 6. O-O O-O 7. Ng5 h6 8. f4 d6 9. Nf3 exf4 10. Bxf4 Be6 11. Nd5 Nb4 {B30: Sicilian: 2...Nc6 3 Bb5, lines without ...g6.} 12. Nxb4 cxb4 {[#]} 13. Bb3 $146 ({Predecessor:} 13. Bxe6 fxe6 14. Qd2 e5 15. Bg3 a5 16. Nh4 Nxe4 17. Rxf8+ Kxf8 18. dxe4 Bxh4 19. Bxh4 Qxh4 20. Qd5 Re8 21. Rf1+ Ke7 22. Rf7+ Kd8 23. Qxd6+ {1-0 (23) Kovalev,V (2554)-Sveshnikov,E (2502) Liepaja 2014}) 13... Bxb3 (13... Qb6+ $11 14. Kh1 d5) 14. axb3 $14 Qb6+ 15. Kh1 {Strongly threatening Nh4.} d5 16. e5 Nd7 17. Qd2 Rac8 18. Rae1 Rc6 (18... Rfe8 $11) 19. Be3 $16 Bc5 20. Bxc5 Qxc5 21. Qf4 Qxc2 22. Nd4 Qxd3 23. Rf3 Qg6 24. Rg3 Qh5 25. Nxc6 {[%mdl 64] [#] Discovered Attack} bxc6 26. Qd4 {And now e6 would win.} Qf5 27. e6 $1 $40 {[%csl Gg3][%cal Rd4g7][%mdl 128] White attacks with force.} ({Much weaker is} 27. Qxb4 $6 Nxe5 28. Qd4 Re8 $11) 27... Qf6 28. exf7+ (28. Qxb4 fxe6 29. h3 (29. Rf3 Qxb2 30. Rxf8+ Nxf8 $11) 29... Rf7 $11) 28... Qxf7 ({Black should try} 28... Rxf7 $14 29. Qxa7 Kh7) 29. Rf3 ({Don't play} 29. Qxa7 $6 Qf1+ 30. Rxf1 Rxf1+ 31. Qg1 Rxg1+ 32. Kxg1 Kf7 $14) 29... Re8 30. Qxb4 Nf6 31. h3 Qg6 32. Rxe8+ Qxe8 {[%mdl 4096] Endgame KQR-KQN} 33. Qf4 Ne4 34. Kh2 Qe7 35. Rf1 a5 36. Rc1 Qe6 $2 {[#] This move loses the game for Black.} (36... c5 $16 {keeps fighting.}) 37. Ra1 $18 Nc5 38. Rxa5 Nd3 (38... Ne4 {is a better defense.} 39. b4 Nd6) 39. Qg3 Nxb2 $2 (39... Ne5 40. b4 Qe8) 40. Ra8+ {White is clearly winning.} Kh7 41. Qc3 Qf6 42. Qc2+ g6 43. Ra7+ Kg8 44. Qe2 Kf8 45. Ra2 {Accuracy: White = 100%, Black = 53%.} 1-0

[Event "73rd RUS-ch Higher League 2020"]
[Site "Sochi"]
[Date "2020.10.10"]
[Round "3.8"]
[White "Lysyj, Igor"]
[Black "Alekseev, Evgeny"]
[Result "1/2-1/2"]
[WhiteElo "2593"]
[BlackElo "2626"]
[Annotator "TA"]
[PlyCount "53"]
[EventDate "2020.10.08"]
[EventType "swiss"]
[EventCountry "RUS"]
[SourceTitle "playchess.com"]
[Source "ChessBase"]
[SourceQuality "1"]

{[%evp 15,53,0,14,-2,16,17,12,7,17,28,25,23,29,28,20,28,24,22,35,0,23,7,27,13,44,37,44,49,38,23,37,14,11,0,25,0,27,0,31,0]} 1. d4 Nf6 2. c4 e6 3. Nf3 d5 4. g3 Bb4+ 5. Bd2 Be7 6. Bg2 O-O 7. O-O Nbd7 8. Qb3 c6 9. Bb4 {E11: Bogo-Indian.} b6 10. Bxe7 Qxe7 11. Qa3 {[#] The position is equal.} Qxa3 $146 ({Predecessor:} 11... c5 12. Rd1 Bb7 13. cxd5 Nxd5 14. Ne1 Rfe8 15. Nc2 Nb4 16. Qb3 Bxg2 17. Kxg2 Nxc2 18. Qxc2 Rac8 19. Nc3 h6 20. dxc5 {½-½ (22) Williams,T (2442)-Meiners,E (2381) ICCF email 2018}) 12. Nxa3 Bb7 13. Rfc1 Rfc8 14. Ne5 Kf8 15. f4 Ke7 16. Bf3 c5 17. dxc5 Nxc5 18. Nb5 a5 19. Rc2 Nfe4 20. cxd5 Bxd5 21. Rac1 Nf6 22. Nc4 Rab8 23. Na7 Rc7 $1 {[%cal Rc7a7]} 24. Nb5 Rcc8 25. Na7 Rc7 $1 {[%cal Rc7a7]} 26. Nb5 Rcc8 27. Na7 {Accuracy: White = 89%, Black = 94%.} 1/2-1/2

[Event "73rd RUS-ch Higher League 2020"]
[Site "Sochi"]
[Date "2020.10.10"]
[Round "3.9"]
[White "Iljiushenok, Ilia"]
[Black "Predke, Alexandr"]
[Result "0-1"]
[WhiteElo "2515"]
[BlackElo "2676"]
[Annotator "TA"]
[PlyCount "46"]
[EventDate "2020.10.08"]
[EventType "swiss"]
[EventCountry "RUS"]
[SourceTitle "playchess.com"]
[Source "ChessBase"]
[SourceQuality "1"]

{[%evp 13,46,34,28,28,20,0,9,-58,-63,-73,-68,-67,-72,-75,-58,-97,-100,-120,-92,-94,-83,-478,-321,-749,-793,-1233,-1227,-1521,-1491,-29993,-29994,-29994,-29995,-29995,-29996]} 1. e4 c6 2. d4 d5 3. e5 Bf5 4. Nf3 e6 5. Be2 Ne7 6. O-O c5 {6...h6 is setting a new trend.} 7. c4 Nbc6 8. dxc5 {B12: Caro-Kann: Advance Variation.} d4 9. Qa4 Ng6 10. b4 (10. Rd1 $11 d3 11. Be3) 10... a5 $15 11. b5 Ncxe5 {[#] And now ...d3 would win.} 12. c6 $146 ({Predecessor:} 12. Ba3 Be7 13. Nbd2 O-O 14. Rfe1 d3 15. Bd1 Nd7 16. c6 bxc6 17. bxc6 Nc5 18. Qb5 {1-0 (34) Mancuso,A (2258)-Rolle,H (2210) LSS email 2008}) 12... bxc6 13. bxc6 d3 $36 {[%mdl 2048] White is under pressure.} 14. Nxe5 Nxe5 15. Bd1 Bd6 16. c5 {[#]} Bc7 $1 17. g4 $2 {[%mdl 8192] [#]} (17. Nd2 $17 {is tougher.}) 17... Nxg4 $1 {[%mdl 512]} 18. Bxg4 $2 {[#]} (18. Bf4 Rb8 19. a3 Nxh2 20. Bxc7 Qxc7 21. Re1) 18... Qh4 $1 $19 {[%csl Gc7,LRg4,LRh2][%cal Rh4h2][%mdl 512]} 19. h3 h5 20. Bd1 Be4 21. Bg4 {[#]} Bh2+ $1 {[%mdl 576] Promotion. Black mates.} 22. Kxh2 hxg4 23. c7+ Kf8 {White did not feel at home in the position after the opening. Accuracy: White = 28%, Black = 83%.} 0-1